[Event "Oslo Chess Festival 2017"]
[Site "Oslo"]
[Date "2017.10.05"]
[Round "8"]
[White "Gajewski, Grzegorz"]
[Black "Devereaux, Maxim L"]
[Result "1/2-1/2"]
[WhiteElo "2630"]
[BlackElo "2357"]
[Annotator "TA"]
[PlyCount "251"]
[EventDate "2017.??.??"]
[EventType "swiss"]
[EventCountry "NOR"]
[SourceTitle "playchess.com"]
[Source "ChessBase"]
[SourceQuality "1"]

{[%evp 19,251,10,35,10,46,41,55,54,84,40,72,66,81,79,82,56,97,89,85,26,10,16,13,8,47,13,25,29,82,8,0,0,0,-70,-67,-59,-56,-170,-155,-224,-139,-90,0,0,0,0,407,0,0,0,0,-194,0,0,0,0,0,-235,-151,-375,-376,-415,-407,-991,-1012,-941,-931,-850,-256,-215,0,-838,-722,-633,-22,-6,-18,-29,0,0,0,0,8,0,0,0,0,0,8,0,8,8,8,8,8,8,8,8,21,12,13,15,39,39,41,39,39,39,39,39,39,39,58,47,60,60,60,60,60,47,45,45,45,45,47,46,46,46,48,14,22,8,47,8,8,8,8,8,8,8,12,8,19,8,8,8,58,48,8,8,58,58,58,58,58,58,58,58,58,57,56,8,8,8,8,0,0,0,8,8,8,0,0,0,0,0,8,8,8,8,8,8,8,0,0,0,0,0,0,0,0,0,0,0,0,0,0,0,0,0,0,0,0,0,0,0,0,0,0,0,0,0,0,0,0,0,0,0,0,0,0,0,0,0,0,0,0,0,0,0,0,0,0,0]} 1. Nf3 Nf6 2. c4 e6 3. Nc3 d5 4. e3 Be7 5. b3 Nbd7 6. d4 O-O 7. Bd3 b6 8. cxd5 exd5 9. O-O Bb7 10. Bb2 Re8 11. Rc1 {E14: Queen's Indian: Classical Variation (4 e3)} a6 12. Ne5 Bd6 13. f4 {White is slightly better.} Nf8 $146 ({Predecessor:} 13... c5 14. Qf3 Nf8 15. Ne2 Ne6 16. Qh3 Rc8 17. Bf5 {1-0 (25) Kovalenko,I (2684)-Meskovs,N (2489) Parnu 2016}) 14. g4 b5 15. g5 Ne4 16. Nxe4 dxe4 17. Bb1 Bd5 18. Qg4 Ng6 19. h4 (19. Qg2 $16) 19... Qc8 $1 $11 20. Qg3 Ne7 $1 21. Kf2 Nf5 22. Qg2 Qb7 23. h5 Rac8 (23... a5 $11) 24. g6 ({Better is} 24. Qh3 $16 Be6 25. Ng4) 24... fxg6 $1 25. hxg6 h6 $1 26. Rh1 (26. Qh3 $11 Be6 27. Qh1) 26... c5 $15 27. dxc5 Bxc5 28. Ng4 (28. Rh3 $1 $15) 28... Qb6 $19 29. Rh3 (29. Qh3 $17 {was necessary.} Bb7 30. Rcd1) 29... Rc6 30. b4 Bd4 (30... Bxb4 $17 31. Rd1 Qc5) 31. Bxd4 Nxd4 32. Rd1 Ne6 $2 {[%mdl 8192]} (32... Rc4 $11) 33. Ke1 $2 (33. Nf6+ $1 $18 gxf6 34. Rxh6) 33... Rd6 $11 34. Qh2 Bc4 35. Rc1 $2 {[#]} (35. f5 $1 $11 Rxd1+ 36. Kxd1 Rd8+ 37. Kc1) 35... Nxf4 $1 {[%mdl 512]} 36. exf4 Rxg6 37. Ne3 Qd4 $36 {[%mdl 2048] Black has some pressure.} 38. Qf2 $2 (38. Rd1 $11 {and White stays safe.} Qc3+ 39. Kf2) 38... Rd8 {( -> ...Rg1+!)} 39. Rh2 $2 {[#]} (39. Rxc4 $17 {was forced.} bxc4 40. Kf1) 39... Bd3 $1 $19 40. Bxd3 exd3 41. Rd1 (41. Kf1 $142 Re6 42. Rh3) 41... Re8 42. Rh3 Rge6 43. Kd2 Qb2+ $2 (43... Re4 44. a3 Rc8) 44. Ke1 Qd4 $2 ({Less strong is} 44... Qxb4+ 45. Kf1 $17) (44... Qc3+ 45. Kf1 d2 46. Qxd2 Qxd2 47. Rxd2 Rxe3 48. Rxe3 Rxe3 49. Rd8+ Kh7) 45. Kd2 $1 Qxb4+ 46. Kxd3 Qa3+ $2 (46... Rc8 $19 47. f5 Rc3+ 48. Ke2 Rc2+ 49. Kf1 Rxf2+ 50. Kxf2 Qf4+ 51. Rf3 Qh2+ 52. Kf1 Re8) 47. Ke2 $11 Qxa2+ 48. Kf1 Qxf2+ (48... Qb3 {feels hotter.} 49. Re1 Rd6 50. f5 a5 51. Rg3 Qc3) 49. Kxf2 a5 50. Rd5 Rb6 51. Rd7 Rf8 52. Nd5 Rbb8 $1 53. Ra7 a4 54. Rh5 (54. Re3 {is interesting.} Rf7 55. Ra5 Rd7 56. Re5 b4 57. Rxa4 b3 58. Ra1) 54... Rf7 55. Ra5 b4 56. Rxa4 b3 {...b2 is the strong threat.} 57. Rh1 Rd8 58. Ne3 Rdf8 59. f5 {Strongly threatening Rb4.} Rb8 60. Rb1 g6 61. Ra3 gxf5 62. Raxb3 Rxb3 63. Rxb3 $14 {[%mdl 4096] Endgame KRN-KR} Kg7 64. Kf3 Kg6 65. Kf4 h5 66. Nd5 Ra7 67. Rb6+ Kg7 68. Kg5 f4 69. Nxf4 Ra5+ 70. Kh4 Ra4 71. Kg3 Ra3+ 72. Kg2 Ra2+ 73. Kf3 Ra3+ 74. Kf2 Ra2+ 75. Ne2 Ra3 76. Ng3 Ra5 77. Kg2 h4 78. Ne4 Ra3 79. Kh2 Re3 80. Re6 Ra3 81. Re5 Kf7 82. Rh5 h3 83. Ng3 Ke6 84. Kxh3 Rb3 85. Kg4 Rb4+ 86. Kf3 Ra4 87. Ne4 {aiming for Nc5+.} Ra1 88. Nc5+ Kf6 89. Ke3 Re1+ 90. Kd4 (90. Kf2 $5 {[%cal Rf2e1]} Ra1 91. Nd3 $14) 90... Rd1+ {The position is equal.} 91. Nd3 Ra1 92. Rh6+ Kf5 93. Rd6 Ra4+ 94. Ke3 Ra3 95. Rb6 Ra5 96. Rh6 {Black must now prevent Rh5+.} Ra3 97. Rh5+ Kf6 98. Rb5 Ke6 99. Ke4 Ra4+ 100. Nb4 Kf6 101. Rb6+ Kg5 102. Ke5 Ra5+ 103. Nd5 Kg4 104. Rb3 Rc5 105. Ra3 Rb5 106. Ra4+ Kf3 107. Rf4+ Kg3 108. Rf8 Ra5 109. Rf7 Kg4 110. Rf4+ Kg3 111. Re4 Kf2 112. Rb4 Kf3 113. Rb3+ Kg4 114. Rc3 Rb5 115. Ra3 Rc5 116. Ra8 Kf3 117. Rf8+ Kg4 118. Ke4 Rc4+ 119. Kd3 {Intending Ne3+ and mate.} Ra4 120. Rf1 Kg5 121. Ke3 Ra8 122. Nf6 Ra3+ 123. Ke4 Ra4+ 124. Ke5 Ra5+ 125. Nd5 Kg4 126. Rg1+ {Precision: White = 53%, Black = 56%.} 1/2-1/2

[Event "Oslo Chess Festival 2017"]
[Site "Oslo"]
[Date "2017.10.05"]
[Round "8"]
[White "Cornette, Matthieu"]
[Black "Vovk, Andriy"]
[Result "0-1"]
[WhiteElo "2602"]
[BlackElo "2622"]
[Annotator "TA"]
[PlyCount "58"]
[EventDate "2017.??.??"]
[EventType "swiss"]
[EventCountry "NOR"]
[SourceTitle "playchess.com"]
[Source "ChessBase"]
[SourceQuality "1"]

{[%evp 14,58,-23,0,18,7,7,0,8,0,16,13,91,92,97,83,92,76,114,2,20,-20,-76,-51,-68,-49,0,-139,-115,-153,-167,-154,-155,-191,-197,-208,-207,-204,-195,-200,-167,-179,-157,-375,-374,-512,-512]} 1. e4 c5 2. Nc3 d6 3. f4 Nc6 4. Nf3 g6 5. Bb5 Bd7 6. Bc4 {B23: Closed Sicilian: Lines without g3} (6. a4 Bg7 7. O-O e6 8. f5 exf5 9. d3 Nge7 10. Qe1 O-O 11. Qh4 f6 12. Bc4+ Kh8 13. Nb5 Be8 {0-1 (39) Carlsen,M (2855)-Giri,A (2782) Leuven 2016}) 6... Bg7 7. d3 Na5 8. Bd2 {LiveBook: 11 Games. Black has an edge.} a6 9. Qe2 e6 $146 ({Predecessor:} 9... b5 10. Bd5 b4 11. Nd1 Rb8 12. e5 e6 13. Bb3 d5 {½-½ (44) Bachmann,A (2601)-Asis Gargatagli,H (2483) Barcelona 2015}) 10. a3 Ne7 11. Ba2 b5 12. Nd1 O-O {[#]} (12... Rc8 $11) 13. h4 $1 $16 {[%cal Bh2h4,Bh4h5,Bh5h6][%mdl 32]} Nac6 14. h5 d5 15. g4 c4 16. Qh2 {[#]} (16. hxg6 $16 fxg6 17. Qh2 (17. dxc4 dxc4 18. Nc3 Nd4 $11)) 16... g5 $1 $11 {[%mdl 512]} 17. h6 (17. Nxg5 Nd4) 17... Nd4 18. Nxd4 Bxd4 19. c3 Bh8 20. e5 (20. exd5 $11 exd5 21. fxg5) 20... gxf4 21. d4 {[#]} f6 $1 {[%cal Rf6e5]} 22. exf6 Bxf6 23. Nf2 e5 24. dxe5 Bxe5 25. O-O-O Ng6 26. Bb1 Qf6 27. Qh5 Rae8 28. Nh3 $2 (28. Bc2 $17 {was worth a try.}) 28... d4 $19 29. g5 Qb6 {Precision: White = 37%, Black = 55%.} 0-1

[Event "Oslo Chess Festival 2017"]
[Site "Oslo"]
[Date "2017.10.05"]
[Round "8"]
[White "Urkedal, Frode"]
[Black "Risting, Eivind Olav"]
[Result "1-0"]
[WhiteElo "2570"]
[BlackElo "2335"]
[Annotator "TA"]
[PlyCount "89"]
[EventDate "2017.??.??"]
[EventType "swiss"]
[EventCountry "NOR"]
[SourceTitle "playchess.com"]
[Source "ChessBase"]
[SourceQuality "1"]

{[%evp 18,89,41,22,30,37,40,32,40,24,35,-61,265,258,382,336,498,496,476,488,491,473,425,-92,-134,-110,-122,-155,-160,-150,-70,-83,-60,-82,0,-177,0,0,0,0,486,486,485,473,468,464,1020,947,910,838,497,519,12841,12841,12847,12847,12849,12849,12850,12850,12850,12851,12851,12851,12851,12851,12851,12851,12851,29963,12851,29964,12851,12851]} 1. d4 d5 2. c4 dxc4 3. e4 b5 4. a4 c6 5. Nc3 a6 6. axb5 {D20: Queen's Gambit Accepted: 3 e3 and 3 e4} cxb5 7. Nxb5 axb5 8. Rxa8 Bb7 9. Ra2 e6 10. f3 {LiveBook: 3 Games. And now b3 would win.} f5 11. b3 $146 ({Predecessor:} 11. exf5 Nc6 12. Ne2 Nge7 {½-½ (30) Shirov,A (2693)-Ris,R (2419) Reykjavik 2017}) 11... Bb4+ 12. Kf2 $1 fxe4 13. bxc4 {Qb3 is the strong threat.} Nf6 $1 14. Qb3 ({Better is} 14. Rb2 $14 Qa5 15. cxb5) 14... O-O $2 {[%mdl 8192]} (14... Qxd4+ $15 {keeps the upper hand.} 15. Be3 Qd6) 15. Qxb4 $18 Qxd4+ (15... Nc6 $142 16. Qxb5 Rf7) 16. Ke1 exf3 (16... Na6 $142 17. Qb2 Qxb2 18. Rxb2 b4) 17. Nxf3 Bxf3 18. gxf3 Ne4 19. Qb3 Nc3 20. Rd2 $2 (20. cxb5 $18 Nxa2 21. Qxa2) 20... Qh4+ $17 21. Rf2 Rxf3 $1 {[%csl Gf3][%cal Rh4f2]} 22. Qc2 Ne4 23. Bg5 Nxg5 (23... Rxf2 $17 24. Bxh4 Rxc2 25. cxb5 Nd7) 24. Bg2 $1 $15 {[%cal Rg2f3]} Re3+ (24... bxc4 $6 25. Bxf3 Nxf3+ 26. Kd1 $11) 25. Kd1 $1 {[%cal Be1d1,Bd1e2,Be2f1][%mdl 32]} Ra3 ({Much weaker is} 25... bxc4 $6 26. Rhf1 $11) (25... Ne4 $1 $17 {[%cal Re4f2]} 26. Bxe4 Rxe4) 26. Rhf1 $2 {[#]} (26. Qb2 $1 $11 {and White stays safe.}) 26... Qd4+ $2 ({Black should try} 26... Ra1+ $1 $19 27. Ke2 Qg4+ 28. Kd2 (28. Bf3 $2 Nxf3 29. Rxa1 Nd4+ 30. Kf1 Nxc2 $19) 28... Rxf1 29. Bxf1 Ne4+ 30. Kc1 Qg5+ 31. Kb1 Nxf2 32. Qxf2 bxc4 33. Bxc4 Qg6+ 34. Qc2 Qxc2+ 35. Kxc2 Kf7) 27. Rd2 $1 $11 {[%cal Rd2d4]} Ra1+ 28. Ke2 Qe5+ $2 {[%mdl 8192] [#]} (28... Qg4+ $1 $11 {and Black has nothing to worry.} 29. Bf3 Nxf3 30. Rd8+ Kf7 31. Rxf3+ Ke7 32. Rxb8 Qg2+ 33. Rf2 Qg4+ 34. Rf3 Qg2+ 35. Rf2 Qg4+ 36. Rf3) 29. Qe4 $3 $18 {[%mdl 512]} Qxe4+ ({Inferior is} 29... Nxe4 30. Rd8#) 30. Bxe4 {[%cal Rd2d8]} Rxf1 31. Kxf1 Nxe4 (31... Kf7 $142 32. Bg2 Ke7 33. cxb5 Nd7) 32. Rd8+ Kf7 33. cxb5 Ke7 34. Rxb8 {[%mdl 4096] Endgame KR-KN} Nd6 (34... Nf6 $142 35. Ke2 h5) 35. b6 Kd7 36. b7 Kc7 37. Rg8 Kxb7 38. Rxg7+ Kc6 39. Rxh7 Kd5 40. Kf2 Ke5 41. Kf3 Nf5 42. Rf7 Nd4+ 43. Kg4 (43. Kf2 $18 Nf5 44. Kf3) 43... Nf5 44. Kg5 Nd6 45. Rf8 {Precision: White = 56%, Black = 30%.} 1-0

[Event "Oslo Chess Festival 2017"]
[Site "Oslo"]
[Date "2017.10.05"]
[Round "8"]
[White "Blomqvist, Erik"]
[Black "Chatalbashev, Boris"]
[Result "0-1"]
[WhiteElo "2521"]
[BlackElo "2537"]
[Annotator "TA"]
[PlyCount "46"]
[EventDate "2017.??.??"]
[EventType "swiss"]
[EventCountry "NOR"]
[SourceTitle "playchess.com"]
[Source "ChessBase"]
[SourceQuality "1"]

{[%evp 11,46,35,52,49,134,137,133,71,68,55,62,57,65,68,69,60,66,61,74,0,0,-11,-7,-47,-49,-42,-37,-45,9,-152,-145,-224,-216,-255,-246,-237,-267]} 1. e4 g6 2. d4 Bg7 3. Nc3 d6 4. Bg5 Nf6 5. Qd2 h6 6. Bf4 Nc6 7. O-O-O {B07: Pirc Defence: Miscellaneous Systems} e5 $146 (7... a6 $14) ({Predecessor:} 7... g5 8. Bg3 Nh5 9. Qe3 e6 10. Be2 Nxg3 11. hxg3 Bd7 12. f4 Qf6 13. e5 dxe5 14. dxe5 Qe7 15. Nb5 O-O 16. Nf3 g4 {1-0 (40) Sethuraman,S (2640)-Valdes Romero,L (2387) Baku 2016}) 8. dxe5 $16 Nh5 9. Be3 (9. exd6 $142 Nxf4 10. Qxf4) 9... dxe5 10. Bc4 {Hoping for Qxd8+.} Qxd2+ 11. Rxd2 Nd4 12. Bxd4 exd4 13. Nd5 Kd8 14. Ne2 c6 {[%cal Bc7c6,Bc6c5,Bc5c4][%mdl 32]} 15. Ne3 (15. Ndc3 $16) 15... b5 $11 16. Bb3 c5 17. a4 Nf6 18. f3 bxa4 19. Bxa4 Bd7 {[#]} (19... h5 $15 20. Bb3 Bh6) 20. Bxd7 $2 (20. Nxd4 $1 $11 {[%mdl 512]} Bxa4 (20... cxd4 21. Rxd4) 21. Ne6+ Ke7 22. Nxg7) 20... dxe3 $17 21. Rd3 {[#]} (21. Rd6 $17 Ke7 22. Rxf6 (22. Rhd1 $2 Rad8 $19) 22... Bxf6 23. Bc6) 21... c4 $1 $19 {[%cal Rc4d3]} ({Stronger than} 21... Nxd7 22. Rhd1 $11) 22. Rd6 {[#] Strongly threatening Bb5+.} Ke7 $1 {[%cal Re7d6]} ({Worse is} 22... Nxd7 23. Rhd1 $16) 23. Rhd1 {Black must now prevent Bc6.} Rad8 {Precision: White = 37%, Black = 70%.} 0-1

[Event "Oslo Chess Festival 2017"]
[Site "Oslo"]
[Date "2017.10.05"]
[Round "8"]
[White "Bartholomew, John"]
[Black "Li, Di"]
[Result "1/2-1/2"]
[WhiteElo "2449"]
[BlackElo "2459"]
[Annotator "TA"]
[PlyCount "58"]
[EventDate "2017.??.??"]
[EventType "swiss"]
[EventCountry "NOR"]
[SourceTitle "playchess.com"]
[Source "ChessBase"]
[SourceQuality "1"]

{[%evp 26,58,36,23,42,21,19,0,0,0,0,0,0,-26,-6,-17,-17,-19,-27,-13,-12,-24,0,-4,-4,-4,-4,-4,-4,-4,-12,-10,-4,-4,-6]} 1. d4 Nf6 2. c4 e6 3. Nc3 d5 4. cxd5 Nxd5 5. e4 Nxc3 6. bxc3 c5 7. Nf3 cxd4 8. cxd4 Bb4+ 9. Bd2 Bxd2+ 10. Qxd2 O-O 11. Bc4 b6 12. O-O Bb7 13. Rfe1 Nd7 14. a4 {LiveBook: 91 Games. D41: Queen's Gambit Declined: Semi-Tarrasch with 5 cxd5} Rb8 15. Bb5 {[#]} h6 $146 ({Predecessor:} 15... Nf6 16. Bd3 h6 17. Rab1 Ba8 18. h3 Qe7 19. Rb3 Rfd8 {½-½ (27) Ponomariov,R (2706)-Kramnik,V (2812) Dortmund 2016}) 16. a5 Nf6 17. Bd3 b5 {[%cal Bb6b5,Bb5b4,Bb4b3,Bb3b2][%mdl 32]} 18. a6 Bc6 19. Qa5 b4 {White must now prevent ...Qxa5.} 20. Qc5 Qb6 21. Qxb6 Rxb6 22. Nd2 b3 {[#] aiming for ...Rb4.} 23. Rab1 Rfb8 {And now ...Rb4 would win.} 24. Rec1 {The position is equal.} b2 25. Rc2 Rd8 26. Nc4 Rxa6 27. f3 $1 Rxd4 28. Ne5 Ra1 29. Rcxb2 Rxb1+ {Precision: White = 62%, Black = 68%.} 1/2-1/2

[Event "Oslo Chess Festival 2017"]
[Site "Oslo"]
[Date "2017.10.05"]
[Round "8"]
[White "Ostenstad, Berge"]
[Black "Mikalsen, Erlend"]
[Result "1-0"]
[WhiteElo "2447"]
[BlackElo "2322"]
[Annotator "TA"]
[PlyCount "67"]
[EventDate "2017.??.??"]
[EventType "swiss"]
[EventCountry "NOR"]
[SourceTitle "playchess.com"]
[Source "ChessBase"]
[SourceQuality "1"]

{[%evp 23,67,-10,29,20,37,12,28,8,18,10,4,19,23,23,49,42,41,35,49,32,28,35,35,30,28,28,32,25,31,25,40,5,12,0,0,0,0,0,0,0,1033,1012,1370,1342,968,936]} 1. d4 Nf6 2. c4 e6 3. Nf3 d5 4. Bg5 Be7 5. Nc3 h6 6. Bh4 O-O 7. e3 b6 8. Bd3 dxc4 9. Bxc4 Bb7 10. O-O Nbd7 {[%cal Bb8d7,Bd7f6,Bf6e4][%mdl 32]} 11. Qe2 Ne4 12. Bg3 Ndf6 {LiveBook: 3 Games. D58: Queen's Gambit Declined: Tartakower Defence} (12... Nxc3 13. bxc3 Nf6 14. Ba6 Bxa6 15. Qxa6 c5 16. Qb7 Qd7 17. Qxd7 Nxd7 18. a4 Nf6 19. Ne5 Rfc8 20. Rfc1 {0-1 (29) Navara,D (2734)-Harikrishna,P (2753) Huaian 2016}) 13. Nxe4 Nxe4 14. Rfd1 Bd6 {The position is equal.} 15. Rac1 Qe7 {[#]} 16. Bh4 $146 ({Predecessor:} 16. Ba6 Bd5 17. Bxd6 cxd6 18. a3 f5 19. Ne1 Bb7 20. Rc2 {½-½ (36) Chiburdanidze,M (2525)-Spassky,B (2545) Roquebrune 1998}) 16... g5 $1 {[%cal Rg5h4]} 17. Bg3 $1 h5 18. Nd2 h4 19. Nxe4 Bxe4 20. Bxd6 cxd6 21. Bd3 Bxd3 22. Rxd3 Rac8 23. Rdc3 Rxc3 24. Rxc3 $11 {[%mdl 4096] Endgame KQR-KQR} Kg7 25. Qc2 h3 26. gxh3 Rh8 27. e4 Qf6 28. Qd2 Rh4 29. Rg3 Rxe4 30. Rxg5+ Kf8 31. Rg4 Qf3 $2 {[%mdl 8192] [#]} (31... Rxg4+ $11 32. hxg4 Qf3) 32. Qh6+ $1 $18 {White is clearly winning.} Ke8 33. Rg8+ Kd7 34. Qc1 {Precision: White = 48%, Black = 41%.} 1-0

[Event "Oslo Chess Festival 2017"]
[Site "Oslo"]
[Date "2017.10.05"]
[Round "8"]
[White "Xu, Yi"]
[Black "Gabrielsen, Stig"]
[Result "1-0"]
[WhiteElo "2439"]
[BlackElo "2314"]
[Annotator "TA"]
[PlyCount "85"]
[EventDate "2017.??.??"]
[EventType "swiss"]
[EventCountry "NOR"]
[SourceTitle "playchess.com"]
[Source "ChessBase"]
[SourceQuality "1"]

{[%evp 22,85,25,21,29,23,25,25,28,25,47,55,63,50,52,49,44,50,48,34,47,41,58,65,51,27,39,27,34,30,105,94,155,164,422,407,392,321,322,133,130,130,131,128,168,183,183,172,168,87,77,0,0,0,0,0,0,0,0,0,0,0,255,239,236,202]} 1. e4 c5 2. Nf3 d6 3. Bb5+ Bd7 4. Bxd7+ Qxd7 5. c4 Nf6 6. Nc3 g6 7. d4 cxd4 8. Nxd4 Bg7 9. f3 O-O 10. Be3 Nc6 11. Rc1 {B52: Sizilianisch (Rossolimo-Variante)} (11. O-O a6 12. Na4 Rab8 13. Nxc6 Qxc6 14. Nb6 Nd7 15. Nxd7 Qxd7 16. Rf2 b5 17. c5 Qa7 18. Rc1 dxc5 19. Bxc5 Qc7 {1-0 (50) Caruana,F (2807)-Kasparov,G (2812) Saint Louis 2017}) 11... Rac8 12. b3 {LiveBook: 3 Partien} Nxd4 13. Bxd4 {Weiß hat minimalen Vorteil.} a6 14. a4 e6 15. O-O Qe7 16. Qd2 Rc6 $146 ({Vorgänger:} 16... Rfd8 17. Rfd1 h5 18. a5 Kh7 19. Be3 Qf8 20. Bg5 Bh6 21. Bxh6 Qxh6 22. Qxh6+ Kxh6 {½-½ (45) Frank,M (2350)-Taiana,D (2375) Argentina 1998}) 17. Rce1 Qd8 18. Kh1 Qa5 19. Rd1 Nd7 20. Bxg7 Kxg7 21. f4 Rb6 22. Rb1 Kg8 23. Qe3 Rc8 24. Ne2 Qc5 25. Qd3 Qa3 (25... Nf6 $11) 26. Nd4 Nc5 (26... Qc5 $142) 27. Qf3 $16 Rc7 $2 (27... d5) 28. f5 $18 {Droht fxe6 und aus.} e5 {[#]} 29. Ne6 $1 {[%mdl 512] Und fxg6 würde nun gewinnen.} Rd7 {[%cal Rb6b3] [#]} (29... fxe6 30. fxg6 hxg6 31. Qf6 $16) (29... Nxe6 30. fxe6) 30. Nxc5 (30. Qg4 $1 $18 {ist der präzise Gewinnweg.} Qa2 31. Ng5 Rxb3 {[#]} 32. fxg6 $1 {[%mdl 512]} fxg6 33. Ra1) 30... dxc5 $16 31. Qg3 Rd8 32. h3 (32. Qxe5 $6 Rxb3 33. Qe7 (33. fxg6 hxg6 34. Ra1 Qb2 $14) 33... Rf8 $14) 32... Qa2 33. Rbd1 ({Auf keinen Fall} 33. Qxe5 $6 Rxb3 34. Rbd1 Rxd1 $14) 33... Rxd1 34. Rxd1 $18 {[%mdl 4096] Endspiel KDT-KDT} Qb2 35. Qe3 (35. a5 $18 Rf6 36. Kh2) 35... Kg7 $16 36. Qxc5 $40 {[%mdl 128] Weiss hat was vor.} ({Lieber} 36. Rd3 $16) 36... Rxb3 $11 37. f6+ Kh6 $1 (37... Kxf6 38. Rf1+ Kg5 39. Qe7+ Kh5 40. Qxf7 $18) 38. Qf8+ Kg5 {...De2 ist eine echte Drohung.} 39. Qxf7 {Schwarz muss nun De7 beachten.} Qe2 40. Rg1 Qxe4 {[%cal Rb3h3]} 41. Qd7 {Droht stark f7.} Kxf6 $2 {[%mdl 8192]} (41... Rb1 $11 {und Schwarz ist OK.}) 42. Rf1+ $18 ({Und nicht} 42. Qxh7 Rb1 $11) 42... Kg5 43. Qd2+ {Precision: Weiß = 60%, Schwarz = 53%.} 1-0

[Event "Oslo Chess Festival 2017"]
[Site "Oslo"]
[Date "2017.10.05"]
[Round "8"]
[White "Pigott, John C"]
[Black "Vestby-Ellingsen, Mads"]
[Result "1-0"]
[WhiteElo "2408"]
[BlackElo "2262"]
[Annotator "NA"]
[PlyCount "26"]
[EventDate "2017.??.??"]
[EventType "swiss"]
[EventCountry "NOR"]
[SourceTitle "playchess.com"]
[Source "ChessBase"]
[SourceQuality "1"]
[TimeControl "5400+30"]

1. c4 {[%emt 0:00:23]} e5 {[%emt 0:01:17]} 2. Nc3 {[%emt 0:00:46]} Nc6 {[%emt 0:01:31]} 3. e3 {[%emt 0:01:01]} Bb4 {[%emt 0:04:49]} 4. Nd5 {[%emt 0:01:25]} Nf6 {[%emt 0:02:17]} 5. a3 {[%emt 0:08:36]} Bd6 {[%emt 0:00:30]} 6. Qc2 O-O {[%emt 0:00:30]} 7. Nf3 {[%emt 0:01:00]} Re8 {[%emt 0:40:05]} 8. Ng5 {[%emt 0:26:54]} g6 {[%emt 0:12:18]} 9. Nxf6+ {[%emt 0:05:30]} Qxf6 {[%emt 0:00:30]} 10. Ne4 {[%emt 0:00:30]} a6 {[%emt 0:00:30]} 11. Nxd6 {[%emt 0:00:30]} cxd6 {[%emt 0:00:30]} 12. Be2 {[%emt 0:00:30]} b6 {[%emt 0:00:30]} 13. b4 {[%emt 0:00:30]} Bb7 {[%emt 0:00:30]} 1-0

[Event "Oslo Chess Festival 2017"]
[Site "Oslo"]
[Date "2017.10.05"]
[Round "8"]
[White "Vogt, Lothar"]
[Black "Louis, Thibault"]
[Result "1-0"]
[WhiteElo "2401"]
[BlackElo "2207"]
[Annotator "NA"]
[PlyCount "93"]
[EventDate "2017.??.??"]
[EventType "swiss"]
[EventCountry "NOR"]
[SourceTitle "playchess.com"]
[Source "ChessBase"]
[SourceQuality "1"]
[TimeControl "5400+30"]

1. e4 {[%emt 0:00:02]} e6 {[%emt 0:09:33]} 2. d3 {[%emt 0:00:02]} d5 {[%emt 0:00:31]} 3. Nd2 {[%emt 0:00:03]} Nf6 {[%emt 0:00:14]} 4. Ngf3 {[%emt 0:00:02]} b6 {[%emt 0:00:48]} 5. c3 {[%emt 0:00:43]} Be7 {[%emt 0:04:11]} 6. Qa4+ {[%emt 0:02:28]} c6 {[%emt 0:02:52]} 7. Be2 {[%emt 0:00:52]} O-O {[%emt 0:00:30]} 8. O-O {[%emt 0:00:18]} Ba6 {[%emt 0:01:53]} 9. e5 {[%emt 0:04:42]} Nfd7 {[%emt 0:02:43]} 10. Re1 {[%emt 0:00:25]} f6 {[%emt 0:08:03]} 11. exf6 {[%emt 0:01:45]} Bxf6 {[%emt 0:05:48]} 12. d4 {[%emt 0:00:38]} Bxe2 {[%emt 0:06:03]} 13. Rxe2 {[%emt 0:00:03]} Qe7 {[%emt 0:00:16]} 14. Nf1 {[%emt 0:02:05]} Qd6 {[%emt 0:04:33]} 15. Bg5 {[%emt 0:32:10]} Bxg5 {[%emt 0:08:54]} 16. Nxg5 {[%emt 0:00:02]} e5 {[%emt 0:00:12]} 17. dxe5 {[%emt 0:01:12]} Nxe5 {[%emt 0:00:22]} 18. f4 {[%emt 0:03:15]} Nc4 {[%emt 0:10:28]} 19. Qc2 {[%emt 0:02:16]} Qg6 {[%emt 0:02:18]} 20. Qxg6 {[%emt 0:01:54]} hxg6 {[%emt 0:00:02]} 21. b3 {[%emt 0:02:03]} Nd6 {[%emt 0:00:26]} 22. Re6 {[%emt 0:01:43]} Nb5 {[%emt 0:00:25]} 23. Rxg6 {[%emt 0:04:10]} Rf6 {[%emt 0:02:50]} 24. Rxf6 {[%emt 0:02:03]} gxf6 {[%emt 0:00:02]} 25. Ne6 {[%emt 0:00:30]} Nd7 {[%emt 0:00:05]} 26. c4 {[%emt 0:00:56]} Nc3 {[%emt 0:00:16]} 27. cxd5 {[%emt 0:00:52]} cxd5 {[%emt 0:00:04]} 28. Nd4 {[%emt 0:02:41]} Re8 {[%emt 0:03:12]} 29. Rc1 {[%emt 0:04:13]} Nxa2 {[%emt 0:00:17]} 30. Rc7 {[%emt 0:01:43]} Nc5 {[%emt 0:00:05]} 31. Rxa7 {[%emt 0:00:19]} Nc1 {[%emt 0:02:39]} 32. Nd2 {[%emt 0:05:30]} Ne2+ {[%emt 0:09:15]} 33. Nxe2 {[%emt 0:00:02]} Rxe2 {[%emt 0:00:02]} 34. Nf3 {[%emt 0:01:43]} Rb2 {[%emt 0:00:59]} 35. Nd4 {[%emt 0:02:20]} Rd2 {[%emt 0:01:54]} 36. Nf5 {[%emt 0:04:06]} Nxb3 {[%emt 0:04:31]} 37. Rb7 {[%emt 0:03:36]} d4 {[%emt 0:00:44]} 38. Rxb6 {[%emt 0:00:22]} Nc1 {[%emt 0:00:07]} 39. Rxf6 {[%emt 0:01:49]} d3 {[%emt 0:05:10]} 40. Ng3 {[%emt 0:00:41]} Ra2 {[%emt 0:05:51]} 41. Rd6 {[%emt 0:03:36]} d2 {[%emt 0:00:42]} 42. Nf1 {[%emt 0:01:08]} Nb3 {[%emt 0:00:57]} 43. Ne3 {[%emt 0:00:15]} Ra4 {[%emt 0:00:44]} 44. Rd3 {[%emt 0:01:47]} Rb4 {[%emt 0:00:39]} 45. g3 {[%emt 0:01:24]} Nd4 {[%emt 0:00:26]} 46. Kf2 {[%emt 0:00:30]} Kf7 {[%emt 0:00:32]} 47. Rxd2 {[%emt 0:00:16]} 1-0